Learning Bayesian networks
Αποθηκεύτηκε σε:
| Κύριος συγγραφέας: | |
|---|---|
| Μορφή: | Βιβλίο |
| Γλώσσα: | English |
| Δημοσίευση: |
Upper Saddle River, NJ :
Pearson, Prentice Hall,
c2004
|
| Σειρά: | Prentice Hall series in artificial intelligence
|
| Θέματα: | |
| Ετικέτες: |
Προσθήκη ετικέτας
Δεν υπάρχουν, Καταχωρήστε ετικέτα πρώτοι!
|
MARC
| LEADER | 00000nam a2200000 i 4500 | ||
|---|---|---|---|
| 001 | 1/95859 | ||
| 008 | 081020s2004 eng d | ||
| 020 | |a 0-13-012534-2 | ||
| 035 | |l 10101063 | ||
| 040 | |a GR-MY-UA |b gre |e aacr | ||
| 041 | 0 | |a eng | |
| 082 | 0 | |a 519.542 |2 (22) | |
| 100 | 1 | |a Neapolitan, Richard E. | |
| 245 | 1 | 0 | |a Learning Bayesian networks / |c Richard E. Neapolitan |
| 260 | |a Upper Saddle River, NJ : |b Pearson, |b Prentice Hall, |c c2004 | ||
| 300 | |a xv, 674 σ.; |b εικ.; |c 24 εκ. | ||
| 490 | 1 | |a Prentice Hall series in artificial intelligence | |
| 504 | |a Περιέχει βιβλιογραφικές παραπομπές (σ. 647-666) και ευρετήριο | ||
| 650 | 0 | 0 | |a Bayesian statistical decision theory. |
| 650 | 0 | 0 | |a Machine learning. |
| 650 | 0 | 0 | |a Neural networks (Computer science) |
| 830 | 0 | |a Prentice Hall series in artificial intelligence | |
| 852 | |a INST |b SAMOS |e 20081020 |h 519.542 NEA |p 005300029808 |q 005300029808 |t BK |y 0 | ||
| 901 | |a BIBL3-2008-3 | ||
| 909 | |a Σ |b 134966 | ||
| 922 | |a 3ΕΛΗ |b 200612 |c ΕΠΕΑΕΚ2/ΜΕΤ-ΤΜΠΕΣ |d ΜΙΧΑΛΟΠΟΥΛΟΣ | ||
| 970 | |a ΡΟΥΣΣΟΥ |b ΚΩΝΣΤΑΝΤΙΝΑ |z 2008/10/20 | ||